000 01050cam a22003257a 4500
003 CHAP
005 20220817041359.0
008 971013s1984 r 00010 d
010 _a12782
011 _a13754
035 _a17826
040 _cCHAP
090 _aFolleto 8921
100 0 0 _aCasado Cimiano, Pedro.
_919726
245 1 3 _aEl sabor a rancio de la leche
_b: causas y medidas preventivas
260 _aMadrid :
_bMinisterio de Agricultura, Pesca y Alimentación,
_c1984
300 _a16 p.
_b: ilus.
490 0 _aHojas divulgadoras
_v; 15/84
590 _aBATCH-UPD
_b10
_c20130110
_lUCH01
_h2058
590 _aBATCH-UPD
_b10
_c20130410
_lUCH01
_h1411
590 _aBATCH-UPD
_b10
_c20130914
_lUCH01
_h1716
590 _aCONVERSION
_b10
_c20130109
_lUCH01
_h1308
650 1 4 _aLeche
_xGrasas.
_965375
650 1 4 _aLipólisis.
_967034
830 0 _aHojas divulgadoras
_v; 15/84
901 _aBK
942 _cFOLL
949 _aFolleto 8921
_bBC
_cFOLL
_d-41791
_eTS1
_i17826
_si
949 _aFolleto 8921
_bBC
_cFOLL
_d-41793
_eTS2
_fc.2
_i17826
_si
999 _c12782
_d12782